000 00622nam a2200217 i 4500
001 bg
100 1 _aBALFE, Alan
245 0 _aCorelDraw! 4 /
_cAlan Balfe ; [oprac. wersji polskiej Robert Górski i Paweł Nowosielski].
260 _aWarszawa :
_bOficyna Wydawnicza READ ME,
_c1993.
300 _a422 s. :
_bil. ;
_c24 cm.
630 0 9 _aCorelDraw
700 1 _aGÓRSKI, Robert.
_eoprac.
700 1 _aNOWOSIELSKI, Paweł.
_eoprac.
020 _a8385769226
040 _cBPK
041 _apol
080 _a741/744:681.322.06
920 _a83-85769-22-6
942 _cKS
008 s pl f |000 0 pol
999 _c6487
_d6487
856 _uhttp://koha.tu.koszalin.pl/cgi-bin/koha/opac-detail.pl?biblionumber=6487
_yKatalog online BPK